[Event "Leer op"]
[Site "Leer"]
[Date "2024.11.02"]
[Round "6"]
[White "Rolf, Marco"]
[Black "Reuter, Julian Frank"]
[Result "0-1"]
[WhiteElo "2048"]
[BlackElo "2119"]
[PlyCount "96"]
[EventDate "2024.10.31"]
[EventType "swiss"]
[EventRounds "7"]
[EventCountry "GER"]
[SourceTitle "CB45_2024"]
[Source "ChessBase"]
[SourceDate "2024.11.06"]
[SourceVersion "1"]
[SourceVersionDate "2024.11.06"]
[SourceQuality "1"]

1. d4 d5 2. c4 e6 3. Nc3 Nf6 4. cxd5 exd5 5. Bg5 Bb4 6. e3 h6 7. Bh4 g5 8. Bg3 Ne4 9. Nge2 h5 10. h4 Bg4 11. Qb3 Nc6 12. Bh2 Qf6 13. f3 Bxf3 14. hxg5 Nxg5 15. Be5 Nxe5 16. dxe5 Qb6 17. gxf3 Nxf3+ 18. Kf2 Nxe5 19. Nxd5 Ng4+ 20. Kg1 Qc6 21. Nef4 0-0-0 22. Qxb4 Qc2 23. Qe1 c6 24. Bd3 Qxb2 25. Bf5+ Kb8 26. Rb1 Qe5 27. Qb4 b6 28. Qe7 Rxd5 29. Qxe5+ Rxe5 30. Bxg4 Rg8 31. Rxh5 Rxg4+ 32. Kf2 Rxf4+ 33. Kg3 Rxh5 34. Kxf4 Rh2 35. Ke5 Kc7 36. Rf1 Rh5+ 37. Kf6 Rh7 38. e4 c5 39. e5 c4 40. Rg1 b5 41. Ke7 Kc6 42. Kf8 Kd5 43. Kg8 Rh5 44. Rb1 a6 45. a4 bxa4 46. Ra1 Rxe5 47. Kxf7 c3 48. Rxa4 c2 0-1

[Event "Karlsruhe Grenke op"]
[Site "Karlsruhe"]
[Date "2024.03.30"]
[Round "5"]
[White "Gallana, Marco"]
[Black "Rolf, Marco"]
[Result "1-0"]
[WhiteElo "2258"]
[BlackElo "2030"]
[PlyCount "73"]
[EventDate "2024.03.28"]
[EventType "swiss"]
[EventRounds "9"]
[EventCountry "GER"]
[SourceTitle "EXT 2025"]
[Source "ChessBase"]
[SourceDate "2024.10.14"]
[SourceVersion "1"]
[SourceVersionDate "2024.10.14"]
[SourceQuality "1"]

1. Nf3 d5 2. e3 Nf6 3. c4 c6 4. b3 Bf5 5. Bb2 e6 6. Be2 h6 7. 0-0 Be7 8. cxd5 cxd5 9. Bb5+ Nc6 10. Nd4 Qb6 11. Bxc6+ bxc6 12. Nxf5 exf5 13. Qf3 0-0 14. Qxf5 a5 15. Nc3 a4 16. Rab1 axb3 17. Ba1 Ra3 18. axb3 Rxb3 19. Na4 Qb4 20. Bxf6 Bxf6 21. Rxb3 Qxb3 22. Nc5 Qb2 23. d4 Ra8 24. g3 Be7 25. Nd3 Qb5 26. Ne5 Bf6 27. Rb1 Qa6 28. Nd7 Be7 29. Ne5 Bf6 30. Ng4 Be7 31. Qd7 Qd3 32. Rf1 Qe4 33. Ne5 Bg5 34. Qxf7+ Kh7 35. h4 Bxe3 36. fxe3 Qxe3+ 37. Qf2 1-0

[Event "Oberliga Nord N 2324"]
[Site "Germany"]
[Date "2023.12.03"]
[Round "3.4"]
[White "Rolf, Marco"]
[Black "Hermesmann, Hans"]
[Result "1/2-1/2"]
[WhiteElo "2025"]
[BlackElo "2221"]
[PlyCount "31"]
[EventDate "2023.10.22"]
[EventType "team-tourn"]
[EventRounds "9"]
[EventCountry "GER"]
[SourceTitle "EXT 2025"]
[Source "ChessBase"]
[SourceDate "2024.10.14"]
[SourceVersion "1"]
[SourceVersionDate "2024.10.14"]
[SourceQuality "1"]
[WhiteTeam "Fischbek"]
[BlackTeam "Hamburg Schachfreunde"]
[WhiteTeamCountry "GER"]
[BlackTeamCountry "GER"]

1. d4 g6 2. e4 Bg7 3. Nc3 d6 4. Be3 a6 5. Qd2 b5 6. 0-0-0 Nd7 7. h4 h6 8. Nh3 Bb7 9. f3 c5 10. dxc5 dxc5 11. Nf4 c4 12. Nfd5 e6 13. Bd4 Ngf6 14. Nxf6+ Nxf6 15. g4 Qc7 16. Bg2 1/2-1/2

[Event "Hamburg HSK Christmas op"]
[Site "Hamburg"]
[Date "2022.12.28"]
[Round "3"]
[White "Rolf, Marco"]
[Black "Reddmann, Hauke"]
[Result "1-0"]
[WhiteElo "2098"]
[BlackElo "2212"]
[PlyCount "51"]
[EventDate "2022.12.27"]
[EventType "swiss"]
[EventRounds "7"]
[EventCountry "GER"]
[SourceTitle "EXT 2024"]
[Source "ChessBase"]
[SourceDate "2023.10.10"]
[SourceVersion "1"]
[SourceVersionDate "2023.10.10"]
[SourceQuality "1"]

1. d4 Nf6 2. c4 e6 3. Nc3 Bb4 4. Qc2 d5 5. cxd5 exd5 6. Bf4 0-0 7. Nf3 c6 8. e3 Re8 9. Bd3 Nbd7 10. 0-0 Nf8 11. Na4 Ne4 12. a3 Be7 13. Bxe4 dxe4 14. Qxe4 Bxa3 15. Qc2 Bb4 16. Ne5 a5 17. Rfd1 Ng6 18. Bg3 Nxe5 19. dxe5 Qe7 20. Nb6 Ra6 21. Nc4 Be6 22. Nd6 Rd8 23. Nxb7 Rxd1+ 24. Rxd1 Qxb7 25. Rd8+ Bf8 26. Qc5 1-0

[Event "Hamburg HSK Christmas op"]
[Site "Hamburg"]
[Date "2022.12.27"]
[Round "2"]
[White "Perschk, Bendix"]
[Black "Rolf, Marco"]
[Result "0-1"]
[WhiteElo "1686"]
[BlackElo "2098"]
[PlyCount "80"]
[EventDate "2022.12.27"]
[EventType "swiss"]
[EventRounds "7"]
[EventCountry "GER"]
[SourceTitle "EXT 2024"]
[Source "ChessBase"]
[SourceDate "2023.10.10"]
[SourceVersion "1"]
[SourceVersionDate "2023.10.10"]
[SourceQuality "1"]

1. e4 e6 2. c4 d5 3. exd5 exd5 4. d4 Nf6 5. cxd5 Nxd5 6. Nc3 Bb4 7. Bd2 0-0 8. Bc4 Nb6 9. Bb3 Qxd4 10. Qf3 Bg4 11. Nge2 Bxf3 12. Nxd4 Re8+ 13. Kf1 Bh5 14. Ncb5 Bxd2 15. Nxc7 N8d7 16. Nxa8 Rxa8 17. Bd1 Bg6 18. Bf3 Nc5 19. Rd1 Bf4 20. g3 Be5 21. b4 Nd3 22. Bxb7 Re8 23. Nf3 Bf6 24. Kg2 Re2 25. Ba6 Rxf2+ 26. Kg1 Rxf3 27. Bxd3 Bxd3 28. Kg2 Re3 29. Kf2 Re2+ 30. Kf3 Bc4 31. Rd6 Rxa2 32. Rc1 h6 33. Rxb6 axb6 34. Rxc4 Rb2 35. h4 h5 36. g4 Rb3+ 37. Kf4 hxg4 38. Kxg4 Be7 39. Rc8+ Kh7 40. Rc7 Rxb4+ 0-1

[Event "Hamburg-chT Landesliga 2122"]
[Site "Hamburg"]
[Date "2022.06.19"]
[Round "5.8"]
[White "Undritz, Bjoern"]
[Black "Rolf, Marco"]
[Result "1/2-1/2"]
[WhiteElo "1902"]
[BlackElo "2059"]
[PlyCount "111"]
[EventDate "2021.10.31"]
[EventType "team-tourn"]
[EventRounds "9"]
[EventCountry "GER"]
[SourceTitle "EXT 2024"]
[Source "ChessBase"]
[SourceDate "2023.10.10"]
[SourceVersion "1"]
[SourceVersionDate "2023.10.10"]
[SourceQuality "1"]
[WhiteTeam "Marmstorf"]
[BlackTeam "Fischbek"]
[WhiteTeamCountry "GER"]
[BlackTeamCountry "GER"]

1. e4 e6 2. d4 d5 3. Nc3 Nf6 4. Bg5 dxe4 5. Nxe4 Be7 6. Nxf6+ Bxf6 7. Bxf6 Qxf6 8. Nf3 c5 9. Bb5+ Bd7 10. Bxd7+ Nxd7 11. 0-0 0-0 12. Re1 Rfd8 13. c3 cxd4 14. Qxd4 Qxd4 15. Nxd4 e5 16. Nb5 a6 17. Nd6 f6 18. Rad1 Nc5 19. f3 Rd7 20. Ne4 Nd3 21. Re2 Rad8 22. Red2 Kf7 23. Nf2 Nc5 24. Rxd7+ Rxd7 25. Rxd7+ Nxd7 26. Ne4 Ke6 27. Kf2 f5 28. Nd2 Nc5 29. b3 g5 30. Ke2 Kd5 31. Nc4 b5 32. Ne3+ Ke6 33. c4 e4 34. cxb5 axb5 35. fxe4 Nxe4 36. Kd3 Ke5 37. Nd1 f4 38. a3 g4 39. b4 h5 40. Nb2 h4 41. Nd1 g3 42. hxg3 fxg3 43. Ne3 Nd6 44. Ke2 Nc4 45. Kf3 Nxe3 46. Kxe3 Kd5 47. Kf3 Kc4 48. Kg4 Kb3 49. Kxh4 Kxa3 50. Kxg3 Kxb4 51. Kf4 Kc3 52. g4 b4 53. g5 b3 54. g6 b2 55. g7 b1Q 56. g8Q 1/2-1/2

[Event "Hamburg-chT Landesliga 2122"]
[Site "Hamburg"]
[Date "2022.05.08"]
[Round "9.5"]
[White "Rolf, Marco"]
[Black "Juergens, Bernhard"]
[Result "0-1"]
[WhiteElo "2059"]
[BlackElo "2138"]
[PlyCount "76"]
[EventDate "2021.10.31"]
[EventType "team-tourn"]
[EventRounds "9"]
[EventCountry "GER"]
[SourceTitle "EXT 2023"]
[Source "ChessBase"]
[SourceDate "2022.10.05"]
[SourceVersion "1"]
[SourceVersionDate "2022.10.05"]
[SourceQuality "1"]
[WhiteTeam "Fischbek"]
[BlackTeam "Hamburger SK IV"]
[WhiteTeamCountry "GER"]
[BlackTeamCountry "GER"]

1. d4 f5 2. Nc3 Nf6 3. Bg5 d5 4. Bxf6 exf6 5. e3 Be6 6. Bd3 Nc6 7. Nge2 Qd7 8. Nf4 Bf7 9. Qf3 Ne7 10. h4 h5 11. 0-0-0 0-0-0 12. Bb5 c6 13. Bf1 Kb8 14. Nd3 b6 15. Nb4 a5 16. Na6+ Ka7 17. Qe2 Nc8 18. Na4 Qb7 19. Rh3 Nd6 20. e4 dxe4 21. d5 Bxd5 22. Rxd5 cxd5 23. N6c5 bxc5 24. Rb3 Qc6 25. Rb6 Qxb6 26. Nxb6 Kxb6 27. Qa6+ Kc7 28. Qxa5+ Kd7 29. Qxc5 Ke6 30. f3 Be7 31. fxe4 fxe4 32. Be2 f5 33. a4 Bxh4 34. c4 Nxc4 35. Bxc4 dxc4 36. Qxc4+ Kf6 37. Qc3+ Kg6 38. Qc6+ Bf6 0-1

[Event "Hessen-ch"]
[Site "Frankfurt"]
[Date "2021.12.10"]
[Round "5"]
[White "Rolf, Marco"]
[Black "Haack, Kevin"]
[Result "0-1"]
[WhiteElo "2052"]
[BlackElo "2100"]
[PlyCount "50"]
[EventDate "2021.12.08"]
[EventType "tourn"]
[EventCountry "GER"]
[SourceTitle "EXT 2023"]
[Source "ChessBase"]
[SourceDate "2022.10.05"]
[SourceVersion "1"]
[SourceVersionDate "2022.10.05"]
[SourceQuality "1"]

1. d4 Nf6 2. c4 e6 3. Nc3 Bb4 4. Qc2 0-0 5. Nf3 c5 6. dxc5 Na6 7. g3 Nxc5 8. Bg2 Qe7 9. 0-0 Bxc3 10. Qxc3 d5 11. Bf4 b6 12. Ne5 Bb7 13. Rfd1 Rac8 14. b4 Nce4 15. Qa3 a5 16. Qe3 axb4 17. Qxb6 Rfd8 18. Rdb1 dxc4 19. Qxb4 Rd1+ 20. Bf1 Qxb4 21. Rxb4 Rxa1 22. Rxb7 c3 23. Nc4 g5 24. Be5 Rxc4 25. f3 c2 0-1

[Event "Hessen-ch"]
[Site "Frankfurt"]
[Date "2021.12.09"]
[Round "4"]
[White "Poetsch, Hagen"]
[Black "Rolf, Marco"]
[Result "1/2-1/2"]
[WhiteElo "2513"]
[BlackElo "2052"]
[PlyCount "46"]
[EventDate "2021.12.08"]
[EventType "tourn"]
[EventCountry "GER"]
[SourceTitle "EXT 2023"]
[Source "ChessBase"]
[SourceDate "2022.10.05"]
[SourceVersion "1"]
[SourceVersionDate "2022.10.05"]
[SourceQuality "1"]

1. e4 e6 2. d4 d5 3. Nc3 Nf6 4. Bg5 dxe4 5. Nxe4 Be7 6. Bxf6 Bxf6 7. Nf3 Nd7 8. Qd2 0-0 9. 0-0-0 b6 10. h4 Bb7 11. Qf4 c5 12. Bb5 Bxe4 13. Qxe4 cxd4 14. Bxd7 Qxd7 15. g4 Rfd8 16. g5 Be7 17. Rxd4 Qc7 18. Rhd1 Bc5 19. Rd7 Rxd7 20. Qxa8+ Bf8 21. Rxd7 Qxd7 22. Qe4 Qb5 23. Nd2 g6 1/2-1/2

[Event "Hessen-ch"]
[Site "Frankfurt"]
[Date "2021.12.08"]
[Round "1"]
[White "Rolf, Marco"]
[Black "Bluebaum, Johanna"]
[Result "1-0"]
[WhiteElo "2052"]
[BlackElo "2046"]
[PlyCount "57"]
[EventDate "2021.12.08"]
[EventType "tourn"]
[EventCountry "GER"]
[SourceTitle "EXT 2023"]
[Source "ChessBase"]
[SourceDate "2022.10.05"]
[SourceVersion "1"]
[SourceVersionDate "2022.10.05"]
[SourceQuality "1"]

1. d4 d5 2. c4 e6 3. Nc3 Bb4 4. Nf3 Nf6 5. Qc2 0-0 6. cxd5 exd5 7. Bg5 c6 8. e3 h6 9. Bh4 Nbd7 10. Bd3 Re8 11. 0-0 g5 12. Bg3 c5 13. Nb5 c4 14. Bf5 Ba5 15. Nd6 Re7 16. Ne5 Bc7 17. Nexf7 Rxf7 18. Be6 Bxd6 19. Qg6+ Kh8 20. Bxf7 Bf8 21. Be5 Bg7 22. f4 Nxe5 23. fxe5 Ng8 24. Qh5 a5 25. Rf2 Ra6 26. Raf1 b5 27. Bg6 b4 28. Rf7 Bg4 29. Rxg7 1-0

[Event "Hamburg-chT Landesliga 2122"]
[Site "Hamburg"]
[Date "2021.10.31"]
[Round "1.6"]
[White "Haschimi, Haschem"]
[Black "Rolf, Marco"]
[Result "0-1"]
[WhiteElo "1866"]
[BlackElo "2059"]
[PlyCount "74"]
[EventDate "2021.10.31"]
[EventType "team-tourn"]
[EventRounds "9"]
[EventCountry "GER"]
[SourceTitle "EXT 2023"]
[Source "ChessBase"]
[SourceDate "2022.10.05"]
[SourceVersion "1"]
[SourceVersionDate "2022.10.05"]
[SourceQuality "1"]
[WhiteTeam "Harburg Diagonale"]
[BlackTeam "Fischbek"]
[WhiteTeamCountry "GER"]
[BlackTeamCountry "GER"]

1. e4 e6 2. d4 d5 3. e5 c5 4. Nf3 Nc6 5. Bb5 Qb6 6. Bxc6+ bxc6 7. c3 Ba6 8. Qc2 Rc8 9. dxc5 Bxc5 10. b4 Be7 11. Be3 c5 12. Na3 d4 13. Qa4+ Kf8 14. cxd4 cxd4 15. Bd2 Nh6 16. b5 Bb7 17. Nc4 Qc5 18. Nd6 Bxf3 19. 0-0 Qxe5 20. Nc4 Rxc4 21. Qxc4 Bd6 22. g3 Ke7 23. Bf4 Qd5 24. Bxd6+ Qxd6 25. Qd3 Bb7 26. Rae1 Ng4 27. Qe2 Qd5 28. f3 d3 29. Qb2 Qc5+ 30. Kh1 Rd8 31. Rc1 Qd6 32. Qxg7 d2 33. Qg5+ Nf6 34. Rcd1 Qd3 35. Qc5+ Ke8 36. Kg2 Qe2+ 37. Qf2 Bxf3+ 0-1

[Event "GER-ch Net blitz qual4"]
[Site "Playchess.com INT"]
[Date "2021.05.10"]
[Round "2"]
[White "Rolf, Marco"]
[Black "Barz, Stephan"]
[Result "1-0"]
[WhiteElo "1914"]
[BlackElo "1529"]
[PlyCount "27"]
[EventDate "2021.05.10"]
[EventType "swiss (blitz)"]
[EventRounds "11"]
[EventCountry "GER"]
[SourceTitle "CBM 202 Extra"]
[Source "ChessBase"]
[SourceDate "2021.07.31"]
[SourceVersion "1"]
[SourceVersionDate "2021.07.31"]
[SourceQuality "1"]

1. d4 d5 2. c4 Nf6 3. cxd5 Nxd5 4. e4 Nb6 5. Nc3 e6 6. Nf3 Bd7 7. Bd3 Bb4 8. 0-0 Bxc3 9. bxc3 Bc6 10. Ba3 N8d7 11. Re1 Nc8 12. d5 exd5 13. exd5+ Ne7 14. Rxe7+ 1-0

[Event "GER-ch Net blitz qual4"]
[Site "Playchess.com INT"]
[Date "2021.05.10"]
[Round "5"]
[White "Rolf, Marco"]
[Black "Buchenau, Frank"]
[Result "0-1"]
[WhiteElo "1914"]
[BlackElo "2191"]
[PlyCount "56"]
[EventDate "2021.05.10"]
[EventType "swiss (blitz)"]
[EventRounds "11"]
[EventCountry "GER"]
[SourceTitle "CBM 202 Extra"]
[Source "ChessBase"]
[SourceDate "2021.07.31"]
[SourceVersion "1"]
[SourceVersionDate "2021.07.31"]
[SourceQuality "1"]

1. d4 e6 2. c4 Nf6 3. Nc3 Bb4 4. Qc2 c5 5. dxc5 0-0 6. Nf3 Na6 7. g3 Nxc5 8. Bg2 Nce4 9. 0-0 Nxc3 10. bxc3 Be7 11. Rd1 Qc7 12. Qd3 d6 13. Nd4 a6 14. a4 Nd7 15. e4 Ne5 16. Qc2 Nxc4 17. Kh1 Rd8 18. f4 e5 19. Nf3 Bd7 20. Qe2 Rac8 21. f5 Nb6 22. a5 Na4 23. Ng5 h6 24. Nxf7 Kxf7 25. Qh5+ Kg8 26. Bxh6 Be8 27. Qg4 Bf6 28. Bxg7 Qxg7 0-1

[Event "GER-ch Net blitz qual4"]
[Site "Playchess.com INT"]
[Date "2021.05.10"]
[Round "11"]
[White "Rolf, Marco"]
[Black "Juergens, Florian"]
[Result "1-0"]
[WhiteElo "1914"]
[BlackElo "1802"]
[PlyCount "143"]
[EventDate "2021.05.10"]
[EventType "swiss (blitz)"]
[EventRounds "11"]
[EventCountry "GER"]
[SourceTitle "CBM 202 Extra"]
[Source "ChessBase"]
[SourceDate "2021.07.31"]
[SourceVersion "1"]
[SourceVersionDate "2021.07.31"]
[SourceQuality "1"]

1. d4 d5 2. c4 e6 3. Nc3 Nf6 4. cxd5 exd5 5. Bg5 Be7 6. Qc2 c6 7. e3 h6 8. Bh4 Be6 9. Bd3 Nbd7 10. Nf3 0-0 11. 0-0 Rc8 12. Rad1 a6 13. a3 Nb6 14. Ne5 Nbd7 15. Nf3 Nb6 16. b4 Bg4 17. Rc1 Bxf3 18. gxf3 Nc4 19. Bxc4 dxc4 20. Ne2 b5 21. Kh1 Nd5 22. Bg3 Bd6 23. Rg1 Rc7 24. e4 Bxg3 25. Rxg3 Ne7 26. Rcg1 Ng6 27. f4 Qh4 28. f5 Ne7 29. Rxg7+ Kh8 30. e5 Qxf2 31. f6 Ng6 32. Qd2 Qf3+ 33. Rg2 Qh3 34. Ng1 Qh5 35. Qe2 Qxe2 36. Rxe2 Rd7 37. Re4 h5 38. h4 Rg8 39. Rxg8+ Kxg8 40. Nf3 Ra7 41. Ng5 a5 42. e6 fxe6 43. f7+ Kf8 44. Rxe6 Rxf7 45. Nxf7 Kxf7 46. Rxc6 axb4 47. axb4 Ne7 48. Rc7 Ke6 49. Kg1 Kd6 50. Rc5 Nc6 51. Rxh5 Nxd4 52. Rc5 Ke6 53. Kf2 Kd6 54. Ke3 Nc2+ 55. Kd2 Nxb4 56. Rxb5 Nc6 57. Rb6 Kc5 58. Rb7 Nd4 59. h5 Nf3+ 60. Kc1 Ng5 61. h6 c3 62. h7 Nxh7 63. Rxh7 Kd4 64. Rh4+ Kd3 65. Rh3+ Kc4 66. Kc2 Kb4 67. Rh4+ Ka3 68. Kxc3 Ka2 69. Rh2+ Kb1 70. Rg2 Ka1 71. Kb3 Kb1 72. Rg1# 1-0

[Event "GER-ch Net blitz qual3"]
[Site "Playchess.com INT"]
[Date "2021.05.07"]
[Round "5"]
[White "Fock, Sana"]
[Black "Rolf, Marco"]
[Result "0-1"]
[WhiteElo "1744"]
[BlackElo "1868"]
[PlyCount "76"]
[EventDate "2021.05.07"]
[EventType "swiss (blitz)"]
[EventRounds "11"]
[EventCountry "GER"]
[SourceTitle "CBM 202 Extra"]
[Source "ChessBase"]
[SourceDate "2021.07.31"]
[SourceVersion "1"]
[SourceVersionDate "2021.07.31"]
[SourceQuality "1"]

1. e4 e6 2. d4 d5 3. Nd2 Nf6 4. e5 Nfd7 5. Bd3 c5 6. c3 Nc6 7. Ne2 cxd4 8. cxd4 f6 9. exf6 Nxf6 10. 0-0 Bd6 11. Nf3 0-0 12. Bg5 Qe8 13. Re1 Ne4 14. Ng3 Rxf3 15. Nxe4 Rxd3 16. Nxd6 Rxd1 17. Nxe8 Rxa1 18. Rxa1 Bd7 19. Nd6 Nxd4 20. Nxb7 Rb8 21. Nc5 Be8 22. b3 a5 23. Rd1 e5 24. Be3 Rc8 25. Bxd4 exd4 26. Ne6 d3 27. f3 Bf7 28. Nf4 Rc2 29. Rxd3 Rxa2 30. Nxd5 Ra3 31. Nb6 g5 32. Rd8+ Kg7 33. Nd5 Rxb3 34. Rd7 Rd3 35. Nb6 Rxd7 36. Nxd7 a4 37. Nc5 a3 38. Nd3 a2 0-1

[Event "GER-ch Net blitz qual3"]
[Site "Playchess.com INT"]
[Date "2021.05.07"]
[Round "11"]
[White "Rolf, Marco"]
[Black "Albert, Gerhard"]
[Result "1-0"]
[WhiteElo "1868"]
[BlackElo "1729"]
[PlyCount "113"]
[EventDate "2021.05.07"]
[EventType "swiss (blitz)"]
[EventRounds "11"]
[EventCountry "GER"]
[SourceTitle "CBM 202 Extra"]
[Source "ChessBase"]
[SourceDate "2021.07.31"]
[SourceVersion "1"]
[SourceVersionDate "2021.07.31"]
[SourceQuality "1"]

1. d4 d5 2. c4 e6 3. Nc3 c6 4. Nf3 Nf6 5. e3 Be7 6. Bd3 0-0 7. 0-0 Nbd7 8. b3 Re8 9. Bb2 Nf8 10. Qc2 b6 11. e4 dxe4 12. Nxe4 Nxe4 13. Bxe4 Bb7 14. Rfd1 Bf6 15. Ne5 Qc7 16. Rac1 Rac8 17. Qe2 Red8 18. Qf3 Bxe5 19. dxe5 Ng6 20. Qg3 c5 21. Bb1 Qc6 22. f3 Qe8 23. h4 Qe7 24. h5 Nf8 25. h6 g6 26. Rd6 Rxd6 27. exd6 Qd7 28. Qe5 f5 29. Re1 Kf7 30. Qf6+ Ke8 31. Qg7 Qf7 32. Bf6 Bc6 33. Be7 Bd7 34. Bd3 Rb8 35. a4 a5 36. g4 Rc8 37. gxf5 gxf5 38. Bxf5 Qxf5 39. Bg5 Qf7 40. Qe5 Qxf3 41. Rf1 Qg4+ 42. Kh2 Qh5+ 43. Kg1 Qg4+ 44. Kf2 Qf5+ 45. Qxf5 exf5 46. Re1+ Kf7 47. Re7+ Kg6 48. Bf4 Re8 49. Rg7+ Kf6 50. Kf3 Be6 51. Bg5+ Ke5 52. Be7 Ng6 53. Rxh7 Nh4+ 54. Kg3 Ng6 55. Rg7 f4+ 56. Kf2 Nh4 57. h7 1-0

[Event "GER-ch Net blitz qual2"]
[Site "Playchess.com INT"]
[Date "2021.05.04"]
[Round "5"]
[White "Kuever, Bastian"]
[Black "Rolf, Marco"]
[Result "1-0"]
[WhiteElo "1655"]
[BlackElo "1963"]
[PlyCount "85"]
[EventDate "2021.05.04"]
[EventType "swiss (blitz)"]
[EventRounds "11"]
[EventCountry "GER"]
[SourceTitle "CBM 202 Extra"]
[Source "ChessBase"]
[SourceDate "2021.07.31"]
[SourceVersion "1"]
[SourceVersionDate "2021.07.31"]
[SourceQuality "1"]

1. Nf3 d5 2. g3 Nf6 3. Bg2 e6 4. 0-0 Be7 5. c4 0-0 6. cxd5 exd5 7. b3 Bf5 8. Bb2 c6 9. d4 a5 10. Nh4 Bg4 11. h3 Be6 12. Nd2 a4 13. bxa4 Qa5 14. Nb3 Qxa4 15. Nf3 Nbd7 16. e3 Ne4 17. Nfd2 f5 18. Qc2 Ndf6 19. Rfc1 Bd6 20. Nc5 Bxc5 21. dxc5 Qxc2 22. Rxc2 Ra5 23. Nb3 Ra7 24. Nd4 Bd7 25. Kh2 Rfa8 26. a3 Ne8 27. f3 N4f6 28. Bf1 Nc7 29. Bd3 g6 30. g4 fxg4 31. hxg4 Kf7 32. Kg3 Ne6 33. Nxe6 Bxe6 34. Rh1 Ra5 35. Rch2 Rxc5 36. Rxh7+ Nxh7 37. Rxh7+ Kf8 38. Bg7+ Kg8 39. Bxg6 Bf7 40. Bf5 Rxa3 41. Bd4 Bg6 42. Bxg6 Kf8 43. Bxc5+ 1-0

[Event "GER-ch Net blitz qual2"]
[Site "Playchess.com INT"]
[Date "2021.05.04"]
[Round "3"]
[White "Rolf, Marco"]
[Black "Flach, Erich"]
[Result "0-1"]
[WhiteElo "1963"]
[BlackElo "1872"]
[PlyCount "94"]
[EventDate "2021.05.04"]
[EventType "swiss (blitz)"]
[EventRounds "11"]
[EventCountry "GER"]
[SourceTitle "CBM 202 Extra"]
[Source "ChessBase"]
[SourceDate "2021.07.31"]
[SourceVersion "1"]
[SourceVersionDate "2021.07.31"]
[SourceQuality "1"]

1. d4 Nf6 2. c4 c5 3. d5 e6 4. Nc3 exd5 5. cxd5 d6 6. e4 g6 7. f4 Bg7 8. Bb5+ Nfd7 9. a4 0-0 10. Nf3 Na6 11. 0-0 Nb4 12. Re1 a6 13. Bf1 Re8 14. Bd2 f5 15. Kh1 Nf6 16. e5 dxe5 17. d6 e4 18. Ng5 Qxd6 19. Bc4+ Kf8 20. Be3 Nd3 21. Bxd3 exd3 22. Qb3 Re7 23. Rad1 h6 24. Bxc5 Qxc5 25. Rxe7 Qxe7 26. Nd5 Be6 27. Nxe6+ Qxe6 28. Qxb7 Re8 29. Qb4+ Kf7 30. Qb7+ Kg8 31. Nxf6+ Bxf6 32. h3 Qe2 33. Qd5+ Kg7 34. Qd7+ Re7 35. Qxd3 Qxd3 36. Rxd3 Bxb2 37. Rd6 a5 38. Rd5 Bc3 39. g4 fxg4 40. hxg4 Bb4 41. f5 gxf5 42. gxf5 Kf6 43. Rb5 Re5 44. Rb6+ Kg5 45. f6 Rf5 46. Kg2 Rxf6 47. Rb5+ Rf5 0-1

[Event "GER-ch Net blitz qual2"]
[Site "Playchess.com INT"]
[Date "2021.05.04"]
[Round "10"]
[White "Rolf, Marco"]
[Black "Johann, Gregor"]
[Result "1-0"]
[WhiteElo "1963"]
[BlackElo "1716"]
[PlyCount "21"]
[EventDate "2021.05.04"]
[EventType "swiss (blitz)"]
[EventRounds "11"]
[EventCountry "GER"]
[SourceTitle "CBM 202 Extra"]
[Source "ChessBase"]
[SourceDate "2021.07.31"]
[SourceVersion "1"]
[SourceVersionDate "2021.07.31"]
[SourceQuality "1"]

1. d4 d5 2. c4 c6 3. Nf3 Nf6 4. Nc3 dxc4 5. a4 Bf5 6. e3 e6 7. Bxc4 Nbd7 8. 0-0 Bd6 9. Qe2 h6 10. e4 Bg4 11. e5 1-0

[Event "Oberliga Ost-B 1920"]
[Site "Germany"]
[Date "2019.11.17"]
[Round "3.8"]
[White "Rolf, Marco"]
[Black "Birke, Andreas"]
[Result "1-0"]
[WhiteElo "2111"]
[BlackElo "2206"]
[PlyCount "69"]
[EventDate "2019.09.29"]
[EventType "team-tourn"]
[EventRounds "11"]
[EventCountry "GER"]
[SourceTitle "EXT 2021"]
[Source "ChessBase"]
[SourceDate "2020.10.23"]
[SourceVersion "1"]
[SourceVersionDate "2020.10.23"]
[SourceQuality "1"]
[WhiteTeam "Gernsheim"]
[BlackTeam "Liebschwitz"]
[WhiteTeamCountry "GER"]
[BlackTeamCountry "GER"]

1. d4 Nf6 2. c4 e6 3. Nc3 d5 4. cxd5 exd5 5. Bg5 c6 6. e3 Bd6 7. Bd3 h6 8. Bh4 0-0 9. Qc2 a5 10. Nf3 Re8 11. 0-0 Be6 12. Ne5 Be7 13. Rae1 Nfd7 14. Bxe7 Qxe7 15. f4 Nxe5 16. fxe5 Nd7 17. Ne2 Rec8 18. Ng3 c5 19. Qf2 c4 20. Bb1 Nf8 21. Nh5 Qg5 22. Nf4 Rc7 23. h4 Qd8 24. Qg3 b5 25. Nh5 g6 26. Rf6 Ra6 27. Ref1 Bc8 28. Rxa6 Bxa6 29. e6 Bc8 30. exf7+ Rxf7 31. Bxg6 Rxf1+ 32. Kxf1 Ne6 33. Bf5+ Kf7 34. Qg6+ Ke7 35. Qf6+ 1-0

[Event "Wiesbaden op 31st"]
[Site "Wiesbaden"]
[Date "2019.08.25"]
[Round "6"]
[White "Rolf, Marco"]
[Black "Chandler, Patrick"]
[Result "0-1"]
[WhiteElo "2133"]
[BlackElo "2087"]
[PlyCount "78"]
[EventDate "2019.08.22"]
[EventType "swiss"]
[EventRounds "7"]
[EventCountry "GER"]
[SourceTitle "EXT 2020"]
[Source "ChessBase"]
[SourceDate "2019.10.17"]
[SourceVersion "1"]
[SourceVersionDate "2019.10.17"]
[SourceQuality "1"]

1. d4 Nf6 2. c4 e6 3. Nf3 b6 4. g3 Bb7 5. Bg2 Bb4+ 6. Nbd2 c5 7. a3 Bxd2+ 8. Bxd2 cxd4 9. 0-0 0-0 10. Bf4 Re8 11. Qxd4 Nc6 12. Qc3 d5 13. Rfd1 Qe7 14. Rac1 Rac8 15. b4 e5 16. Bg5 d4 17. Qb3 h6 18. Bxf6 Qxf6 19. Nd2 Nd8 20. Bxb7 Nxb7 21. Ne4 Qg6 22. Qf3 Rc7 23. g4 Rec8 24. Ng3 Nd6 25. Qd5 Nxc4 26. h3 Qc6 27. Qxc6 Rxc6 28. f4 Ne3 29. Rxc6 Rxc6 30. Nf5 Nxf5 31. gxf5 f6 32. Kg2 Rc3 33. fxe5 fxe5 34. Rd3 Rc2 35. Kf3 Kf7 36. e3 Rc3 37. Ke4 Rxd3 38. Kxd3 dxe3 39. Kxe3 b5 0-1

[Event "Wiesbaden op 31st"]
[Site "Wiesbaden"]
[Date "2019.08.22"]
[Round "1"]
[White "Kuenitz, Klaus"]
[Black "Rolf, Marco"]
[Result "0-1"]
[WhiteElo "1787"]
[BlackElo "2133"]
[PlyCount "39"]
[EventDate "2019.08.22"]
[EventType "swiss"]
[EventRounds "7"]
[EventCountry "GER"]
[SourceTitle "EXT 2020"]
[Source "ChessBase"]
[SourceDate "2019.10.17"]
[SourceVersion "1"]
[SourceVersionDate "2019.10.17"]
[SourceQuality "1"]

1. e4 e6 2. d4 d5 3. e5 c5 4. c3 Nc6 5. Nf3 Bd7 6. Be2 cxd4 7. cxd4 Nge7 8. Na3 Ng6 9. 0-0 Be7 10. Be3 0-0 11. Nc2 f6 12. Bd3 Be8 13. exf6 Bxf6 14. Qe2 e5 15. dxe5 Ngxe5 16. Nxe5 Nxe5 17. Bc5 Nxd3 18. Bxf8 Nxb2 19. Bc5 Bg6 20. Nd4 0-1